[Event "Preinscritos IRT Online"]
[Site "Chess.com INT"]
[Date "2020.12.26"]
[Round "11"]
[White "Berrezueta Guaman, Tania Karina"]
[Black "Jativa Mendez, Luis Enrique"]
[Result "0-1"]
[WhiteElo "928"]
[BlackElo "1342"]
[PlyCount "86"]
[EventDate "2020.12.26"]
[EventType "swiss"]
[EventRounds "11"]
[EventCountry "ECU"]
[SourceTitle "CBM 200 Extra"]
[Source "ChessBase"]
[SourceDate "2021.03.31"]
[SourceVersion "1"]
[SourceVersionDate "2021.03.31"]
[SourceQuality "1"]

1. e4 e5 2. Nf3 Nc6 3. Bc4 Bc5 4. d3 h6 5. h3 Nf6 6. Nc3 0-0 7. 0-0 a6 8. a3 b5 9. Ba2 Re8 10. Nd5 Nxd5 11. exd5 Nd4 12. Nxd4 exd4 13. b4 Bd6 14. Qg4 Qf6 15. Bd2 Be5 16. Rae1 d6 17. Qh5 Bf5 18. c4 Bg6 19. Qg4 Bxd3 20. c5 Bxf1 21. Rxf1 Qg6 22. Qf3 Qf6 23. Qg3 Bxg3 24. fxg3 Qg6 25. Bb1 Qxg3 26. Bf4 Qxa3 27. cxd6 cxd6 28. Bxd6 d3 29. Bc5 d2 30. Bc2 Qc3 31. Bd1 Re1 32. Bf3 Rxf1+ 33. Kxf1 a5 34. bxa5 Qxc5 35. Ke2 Re8+ 36. Kxd2 Qd4+ 37. Kc2 Re3 38. a6 Qc3+ 39. Kd1 Rd3+ 40. Ke2 Qc2+ 41. Ke1 Rd2 42. a7 Qc1+ 43. Bd1 Qxd1# 0-1

[Event "Preinscritos IRT Online"]
[Site "Chess.com INT"]
[Date "2020.12.26"]
[Round "9"]
[White "Berrezueta Guaman, Tania Karina"]
[Black "Ramos Reategui, Richard Andres"]
[Result "1-0"]
[WhiteElo "928"]
[BlackElo "1344"]
[PlyCount "73"]
[EventDate "2020.12.26"]
[EventType "swiss"]
[EventRounds "11"]
[EventCountry "ECU"]
[SourceTitle "CBM 200 Extra"]
[Source "ChessBase"]
[SourceDate "2021.03.31"]
[SourceVersion "1"]
[SourceVersionDate "2021.03.31"]
[SourceQuality "1"]

1. e4 g6 2. Nf3 Bg7 3. g3 d6 4. Bg2 c5 5. Nc3 Nc6 6. d3 Bg4 7. 0-0 Qd7 8. Qe2 Nd4 9. Qe3 Nxc2 10. Qg5 Bxf3 11. Bxf3 Nxa1 12. Nd5 Nf6 13. Nxf6+ exf6 14. Qf4 Nc2 15. Bg4 Qe7 16. e5 fxe5 17. Qa4+ b5 18. Qxc2 f5 19. Bf3 Rc8 20. a4 b4 21. a5 0-0 22. Qb3+ Qf7 23. Bd5 c4 24. dxc4 Qxd5 25. cxd5 Rc5 26. Qxb4 Rfc8 27. Bd2 Rc4 28. Qb7 e4 29. Qxa7 Bd4 30. Qd7 Rc2 31. Qe6+ Kh8 32. Rd1 Rxb2 33. Qxc8+ Kg7 34. Qc7+ Kf6 35. Qxd6+ Kf7 36. Bh6 Rxf2 37. Qf8# 1-0

[Event "Preinscritos IRT Online"]
[Site "Chess.com INT"]
[Date "2020.12.26"]
[Round "8"]
[White "Villagomez Martinez, Heidy Arelys"]
[Black "Berrezueta Guaman, Tania Karina"]
[Result "1-0"]
[WhiteElo "1569"]
[BlackElo "928"]
[PlyCount "45"]
[EventDate "2020.12.26"]
[EventType "swiss"]
[EventRounds "11"]
[EventCountry "ECU"]
[SourceTitle "CBM 200 Extra"]
[Source "ChessBase"]
[SourceDate "2021.03.31"]
[SourceVersion "1"]
[SourceVersionDate "2021.03.31"]
[SourceQuality "1"]

1. e4 e5 2. Nf3 Nc6 3. Bb5 Bc5 4. c3 a6 5. Ba4 d6 6. d4 exd4 7. cxd4 Bb4+ 8. Nbd2 b5 9. Bc2 d5 10. exd5 Qxd5 11. 0-0 Nxd4 12. Be4 Nxf3+ 13. Qxf3 Qd8 14. Bxa8 Bxd2 15. Bxd2 Qxd2 16. Rad1 Qxb2 17. Qc6+ Ke7 18. Rfe1+ Be6 19. Qd7+ Kf6 20. Qd8+ Kf5 21. Be4+ Kf4 22. g3+ Kg4 23. Qh4# 1-0